000 00461cam a2200193ua 4500
001 3174
005 20260515113637.0
008 111117n ii |||gr||||Z||||||asm
040 _cMAIN
082 _a891.4513
100 _aMishra, Krishna kumar,
_eAuthor.
245 1 1 _aUpanyas
_cKrishna Kumar Mishra
250 _a1st.
260 _aGuahati:
_bStudents stores,991.
300 _a132p:
_c23cm.
653 _aAssamese novel
653 _aUpanyas
942 _cBK
999 _c3018
_d3018